000 01318nam0a22003011 4500
001 rc\2773652
005 20250810044904.0
035 _a(NLR Aleph) 006899975
090 _a7237222
_c7237222
100 _a20110915d1941 u y0rusy50 ca
101 0 _arus
102 _aRU
105 _ay g |||||
200 1 _aКраткий терапевтический справочник
_fПроф. И. М. Рыбаков, Н. Н. Иорданский, М. А. Хавин
_gПод ред. проф. И. М. Рыбакова
_gГоспитал. терапевт. клиника Горьк. мед. ин-та им. С. М. Кирова
210 _aГорький
_cГорьк. мед. ин-т им. С. М. Кирова
_d1941
215 _a192 с.
_d14 см.
320 _aКраткий предм. и рецептур. указатели: с. 185-90
700 1 _aРыбаков
_bИ.М.
_f1892-
_gИосиф Моисеевич
701 1 _aХавин
_bМ.А.
701 1 _4070
_7ca
_8rus
_aИорданский
_bН. Н.
_cканд. мед. наук
_9244510
_3RU\NLR\AUTH\770244566
801 0 _aRU
_bNLR
_gpsbo
801 1 _aRU
_bELAR
_2rusmarc
852 _aNLR
_jМд30 Г-1/1
942 _cBOOK
945 _aРоссийская национальная библиотека
980 _aNB
980 _aBV